<?xml version="1.0" encoding="UTF-8"?>
<collection xmlns="http://www.loc.gov/MARC21/slim">
  <record>
    <leader>00000nam  2200000   4500</leader>
    <controlfield tag="001">INLIS000000000020536</controlfield>
    <controlfield tag="005">20250710114344</controlfield>
    <datafield tag="035" ind1="#" ind2="#">
      <subfield code="a">0010-0725000066</subfield>
    </datafield>
    <controlfield tag="007">ta</controlfield>
    <controlfield tag="008">250710################|##########|#|##</controlfield>
    <datafield tag="084" ind1="#" ind2="#">
      <subfield code="a">R 163 PKN II 2023</subfield>
    </datafield>
    <datafield tag="100" ind1=" " ind2="#">
      <subfield code="a">Dedi Hartono</subfield>
    </datafield>
    <datafield tag="245" ind1="1" ind2="#">
      <subfield code="a">Implementasi Penguatan Sistem Dalam Pengelolaan Batubara yang Terintegrasi (TimwasBara) /</subfield>
      <subfield code="c">Dedi Hartono</subfield>
    </datafield>
    <datafield tag="260" ind1="#" ind2="#">
      <subfield code="a">Jakarta :</subfield>
      <subfield code="b">Pusbangkom Pimnas dan Manajerial ASN,</subfield>
      <subfield code="c">2023</subfield>
    </datafield>
    <datafield tag="300" ind1="#" ind2="#">
      <subfield code="a">30 hlm. ;</subfield>
      <subfield code="c">30 cm</subfield>
    </datafield>
    <datafield tag="650" ind1="#" ind2="4">
      <subfield code="a">Sistem Pengelolaan</subfield>
    </datafield>
    <datafield tag="520" ind1="#" ind2="#">
      <subfield code="a">Batubara merupakan komoditas strategis bagi Indonesia, khususnya dalam rangka pemenuhan energi namun tatakelolanya masih belum akuntabel. Untuk mengatasinya Pemerintah pada tahun 2022 meluncurkan SIMBARA. Namun SIMBARA sampai saat ini belum dapat memenuhi harapan-harapan manis seperti saat peluncurannya. Hal ini disebabkan sistem-sistem yang ada di Kementerian ESDM sebagai hulu data tidak dapat diintegrasikan.</subfield>
    </datafield>
    <datafield tag="990" ind1="#" ind2="#">
      <subfield code="a">2407163</subfield>
    </datafield>
  </record>
</collection>
